La revolución norteamericana en la independencia de Hispanoamérica / (Record no. 11504)
[ view plain ]
| 000 -LEADER | |
|---|---|
| campo de control de longitud fija | 01004nam a22002895i 4500 |
| 001 - NÚMERO DE CONTROL | |
| campo de control | 11504 |
| 003 - IDENTIFICADOR DE NÚMERO DE CONTROL | |
| campo de control | ES-MaACL |
| 005 - FECHA Y HORA DE LA ÚLTIMA TRANSACCIÓN | |
| campo de control | 20250831014556.0 |
| 007 - CAMPO FIJO DE DESCRIPCIÓN FÍSICA--INFORMACIÓN GENERAL | |
| campo de control de longitud fija | t| |
| 008 - DATOS DE LONGITUD FIJA--INFORMACIÓN GENERAL | |
| campo de control de longitud fija | 921002s1992 sp ||||0| spa j |
| 020 ## - NÚMERO INTERNACIONAL ESTÁNDAR DEL LIBRO | |
| Número Internacional Estándar del Libro | 84-7100-293-0 (rúst.) |
| 040 ## - FUENTE DE CATALOGACIÓN | |
| Centro catalogador/agencia de origen | M-BN |
| Lengua de catalogación | spa |
| Centro/agencia transcriptor | M-BN |
| 080 ## - NÚMERO DE LA CLASIFICACIÓN DECIMAL UNIVERSAL | |
| Número de la Clasificación Decimal Universal | 973"1775/83" |
| 080 ## - NÚMERO DE LA CLASIFICACIÓN DECIMAL UNIVERSAL | |
| Número de la Clasificación Decimal Universal | 98(=60)"1806/30" |
| 100 0# - ENTRADA PRINCIPAL--NOMBRE DE PERSONA | |
| Nombre de persona | Simmons, Merle E. |
| 9 (RLIN) | 106491 |
| 245 13 - MENCIÓN DEL TÍTULO | |
| Título | La revolución norteamericana en la independencia de Hispanoamérica / |
| Mención de responsabilidad, etc. | Merle E. Simmons. |
| 260 ## - PUBLICACIÓN, DISTRIBUCIÓN, ETC. | |
| Lugar de publicación, distribución, etc. | Madrid : |
| Nombre del editor, distribuidor, etc. | MAPFRE, |
| Fecha de publicación, distribución, etc. | [1992] |
| 300 ## - DESCRIPCIÓN FÍSICA | |
| Extensión | 372 p ; |
| Dimensiones | 23 cm. |
| 490 1# - MENCIÓN DE SERIE | |
| Mención de serie | Colección España y Estados Unidos ; |
| Designación de volumen o secuencia | 5 |
| 500 ## - NOTA GENERAL | |
| Nota general | Indices. |
| 504 ## - NOTA DE BIBLIOGRAFÍA, ETC. | |
| Nota de bibliografía, etc. | Bibliografía: p. [357]361. |
| 651 #4 - PUNTO DE ACCESO ADICIONAL DE MATERIA--NOMBRE GEOGRÁFICO | |
| Nombre geográfico | Estados Unidos- |
| Subdivisión general | Historia- |
| Subdivisión cronológica | 1775-1783, Revolución. |
| 9 (RLIN) | 8542 |
| 651 #4 - PUNTO DE ACCESO ADICIONAL DE MATERIA--NOMBRE GEOGRÁFICO | |
| Nombre geográfico | América española- |
| Subdivisión general | Historia- |
| Subdivisión cronológica | 1806-1830, Guerras de la Independencia. |
| 9 (RLIN) | 7726 |
| 830 00 - PUNTO DE ACCESO ADICIONAL DE SERIE-TÍTULO UNIFORME | |
| Título uniforme | Colección España y Estados Unidos (Mapfre) |
| Designación de volumen o secuencia | 5 |
| 9 (RLIN) | 179133 |
| 852 ## - LOCALIZACIÓN | |
| Ubicación | ES-MaACL |
| Número de control de estantería | L-18829 |
| Sublocalización o colección | R.124056 |
| Estatus retirado | Estado de pérdida | Estado de daño | No para préstamo | Biblioteca de origen | Biblioteca actual | Ubicación en estantería | Fecha de adquisición | Fuente de adquisición | Total de préstamos | Signatura topográfica completa | Código de barras | Visto por última vez | Precio de reemplazo | Tipo de ítem Koha |
|---|---|---|---|---|---|---|---|---|---|---|---|---|---|---|
| Biblioteca del Ateneo de Madrid | Biblioteca del Ateneo de Madrid | Depósito 2 | 17/01/2008 | L-18829 | 1011727 | 23/02/2023 | 23/02/2023 | Libro impreso |
